PRINCIPLES OF HEAT TRANSFER (Registro nro. 221675)
[ vista simple ]
| 000 -LEADER | |
|---|---|
| campo de control de longitud fija | 00463nam a2200205Ia 4500 |
| 005 - FECHA Y HORA DE LA ÚLTIMA TRANSACCIÓN | |
| campo de control | 20250425162050.0 |
| 008 - DATOS DE LONGITUD FIJA--INFORMACIÓN GENERAL | |
| campo de control de longitud fija | 250425s9999 xx 000 0 und d |
| 041 ## - CÓDIGO DE IDIOMA | |
| Código de lengua del texto/banda sonora o título independiente | eng |
| 082 ## - NÚMERO DE LA CLASIFICACIÓN DECIMAL DEWEY | |
| Número de clasificación | 621.4022 |
| 010 ## - NÚMERO DE CONTROL DE LA BIBLIOTECA DEL CONGRESO | |
| Número de control de LC | 45846 |
| 100 ## - ENTRADA PRINCIPAL--NOMBRE DE PERSONA | |
| Nombre de persona | KREITH, FRANK |
| 245 #0 - MENCIÓN DEL TÍTULO | |
| Título | PRINCIPLES OF HEAT TRANSFER |
| 250 ## - MENCION DE EDICION | |
| Mención de edición | S.E. |
| 260 ## - PUBLICACIÓN, DISTRIBUCIÓN, ETC. | |
| Lugar de publicación, distribución, etc. | Estados Unidos |
| Nombre del editor, distribuidor, etc. | INTER |
| Fecha de publicación, distribución, etc. | 1965 |
| 260 ## - PUBLICACIÓN, DISTRIBUCIÓN, ETC. | |
| Lugar de publicación, distribución, etc. | S.L. |
| 300 ## - DESCRIPCIÓN FÍSICA | |
| Extensión | 620 |
| 650 ## - PUNTO DE ACCESO ADICIONAL DE MATERIA--TÉRMINO DE MATERIA | |
| Término de materia o nombre geográfico como elemento de entrada | CALOR |
| 650 ## - PUNTO DE ACCESO ADICIONAL DE MATERIA--TÉRMINO DE MATERIA | |
| Término de materia o nombre geográfico como elemento de entrada | CALOR-TRANSFERENCIA |
| 942 ## - ELEMENTOS DE ENTRADA SECUNDARIOS (KOHA) | |
| Tipo de ítem Koha | Libros |
| Estatus retirado | Estado de pérdida | Estado de daño | No para préstamo | Biblioteca de origen | Biblioteca actual | Fecha de adquisición | Coste, precio normal de compra | Total de préstamos | Código de barras | Copia número |
|---|---|---|---|---|---|---|---|---|---|---|
| FACULTAD DE INGENIERIA MECANICA Y CIENCIAS DE LA PRODUCCION | FACULTAD DE INGENIERIA MECANICA Y CIENCIAS DE LA PRODUCCION | 14/05/2002 | 2.00 | D-30111 | 1 |